Interior, amanecer

Shranjeno v:
Bibliografske podrobnosti
Glavni avtor: García, Francisca (Author)
Format: Knjiga
Jezik:španščina
Izdano: Santiago Galería Gabriela Mistral 2002
Teme:
Oznake: Označite
Brez oznak, prvi označite!

MARC

LEADER 00000nam a2200000 a 4500
001 UCK0191
003 CL-VaPUC
008 040915e20020000CL |||||||||||||||||spa|d
082 0 4 |a 709.83  |b GAR  |2 21 
100 |a García, Francisca  |e author  |9 620827 
245 1 0 |a Interior, amanecer 
300 |a 45 p 
942 |c BK 
945 |d 20040915 00:00:00  |a cmena 
260 |a Santiago  |b Galería Gabriela Mistral  |c 2002 
650 0 |a Artistas chilenos  |9 344566 
650 0 |a Artes visuales  |9 336870 
650 0 |a Fotografías  |9 268494 
650 0 |a Exposiciones  |9 265884 
583 |a last modification  |c 20040915 00:00:00  |k Rodrigo Vera 
999 |c 310681  |d 310679 
952 |0 0  |1 0  |4 0  |6 709_830000000000000_GAR_2002  |7 0  |8 R  |9 379571  |a BIBART  |b BIBART  |d 2019-11-21  |i 4060865  |l 1  |o 709.83 GAR 2002  |p 4060865  |r 2025-03-13  |s 2023-10-24  |w 2019-11-21  |y BK_R  |k ART